000 00833nam a2200193 4500
001 137907
003 ES-MaACL
005 20250813040332.0
007 t|
008 070214s1948 sp r ||||1| spa d
100 1 _aSánchez de la Cuesta, Gabriel.
_9102581
245 1 0 _aDos reyes enfermos del corazón
_b: los conquistadores de Sevilla : un ensayo de telediagnóstico, sobre la cardiopatía gotosa del Rey Santo y la cardio-esclerosis del Rey Sabio /
_cGabriel Sánchez de la Cuesta y Gutiérrez.
260 _aSevilla :
_b[s. n.],
_c1948 (
_fTall. Tip. Hijos de A. Padura)
300 _a107 p., 1 lám. :
_bil. ;
_c21 cm +
_e1 lám. pleg.
600 0 4 _aFernando
_bIII
_cRey de Castilla, Santo.
_950201
600 0 4 _aAlfonso
_bX,
_cRey de Castilla
_919872
852 _aES-MaACL
_j1880-F-13
_bR.25623
999 _c137907
_d137907